Vizsgálatok az élesztők tárolásával kapcsolatban I. a gyártás különböző fázisaiból származó élesztők tárolhatósága /

Parallel mit der Zunahme der Lüftung sinkt der Gesamtstickstoffgehalt der Hefe, die Haltbarkeit jedoch nimmt in hohem Masse zu. Die Triebfähigkeit der am wenigsten gelüfteten Mutterhefe III. ist am grössten, diese aber nimmt bei 25 C° in Milchform gelagert schnell ab, und am fünften Tage ist schon ü...

Teljes leírás

Elmentve itt :
Bibliográfiai részletek
Szerző: Gánti Tibor
Dokumentumtípus: Cikk
Megjelent: Műszaki Könyvkiadó Budapest 1962
Sorozat:Élelmiszervizsgálati közlemények 8 No. 11-12
Kulcsszavak:Élelmiszervizsgálat - módszer, Élelmiszertárolás - élesztő
Tárgyszavak:
Online Access:http://acta.bibl.u-szeged.hu/82022
LEADER 02539nab a2200253 i 4500
001 acta82022
005 20231004142437.0
008 231004s1962 hu o 0|| hun d
040 |a SZTE Egyetemi Kiadványok Repozitórium  |b hun 
041 |a hun 
041 |a eng 
041 |a ger 
041 |a rus 
100 1 |a Gánti Tibor 
245 1 0 |a Vizsgálatok az élesztők tárolásával kapcsolatban I.   |h [elektronikus dokumentum] :  |b a gyártás különböző fázisaiból származó élesztők tárolhatósága /  |c  Gánti Tibor 
260 |a Műszaki Könyvkiadó  |b Budapest  |c 1962 
300 |a 333-336 
490 0 |a Élelmiszervizsgálati közlemények  |v 8 No. 11-12 
520 3 |a Parallel mit der Zunahme der Lüftung sinkt der Gesamtstickstoffgehalt der Hefe, die Haltbarkeit jedoch nimmt in hohem Masse zu. Die Triebfähigkeit der am wenigsten gelüfteten Mutterhefe III. ist am grössten, diese aber nimmt bei 25 C° in Milchform gelagert schnell ab, und am fünften Tage ist schon überhaupt kein Auftrieb wahrnehmbar. Das geschnittene Hefegut wirkt am Anfang wesentlich schlechter, verliert aber von seiner Aktivität selbst am fünften Tage kaum. Die intermediären Phasen weisen einen stufenweisen Übergang auf. Zwischen dem Absinken der Triebfähigkeit und der in den extracellularen Raum ausgeschiedenen Menge stickstoffhaltiger Stoffe war ein ausgesprochener Zusammenhang feststellbar. On increasing the extent of aeration, the total nitrogen content of yeast proved to diminish while its storability markedly improved. Mother yeast III which was aerated to the smallest extent disclosed the highest raising power. However, on keeping the yeast at 25° C in form of a milky suspension, this power rapidly decreased, and it was incapable of raising on the fifth day of storage. The blended commercial yeast showed at the beginning a markedly poorer raising power which however hardly lost anything of this initial power even on the fifth day on storage. The intermediate phases disclosed a gradual transition. A definite correlation was found between the extent of decrease in raising power and the quantity of nitrogenous substances excreted into the extracellular space. 
650 4 |a Műszaki és technológiai tudományok 
650 4 |a Egyéb műszaki tudományok és technológiák 
650 4 |a Élelmiszer és italfélék 
695 |a Élelmiszervizsgálat - módszer, Élelmiszertárolás - élesztő 
856 4 0 |u http://acta.bibl.u-szeged.hu/82022/1/elelmiszervizsgalati_kozlemenyek_1962_11-12_333-336.pdf  |z Dokumentum-elérés